Murder forestalled

Bibliographic Details
Main Author: Chester, Peter
Format: Book
Published: Bath : Chivers Press , 1990
Subjects:

MARC

LEADER 00000cam a2200000 7i4500
001 0000000701
002 000000797
005 20000330.0
020 |a 0862207754 
090 0 0 |a F   |b CHE 
100 1 |a Chester, Peter 
245 1 0 |a Murder forestalled   |c Peter Chester 
260 |a Bath :   |b Chivers Press ,   |c 1990 
300 |a 191p ;   |c 20cm. 
650 0 0 |a Crime and detection fiction 
999 |a 030539   |b BUKU   |c PINJAMAN   |e PERPUSTAKAAN KOMUNITI PETALING JAYA